000 00291nam a22001337a 4500
008 170203b xxu||||| |||| 00| 0 eng d
020 _a9780060161835
041 _aeng
080 _a61
100 _a3
101 _aSHM
245 _aTHE WEEKCHOLSTEROLCURE
_cKATTUS ALBERT
942 _2udc
_cBK
999 _c4406
_d4406